| 000 | 01070cam a2200289 i 4500 | ||
|---|---|---|---|
| 001 | 107363 | ||
| 005 | 20230410101755.0 | ||
| 008 | 120627b2009 inu 000 0 eng | ||
| 020 | _a9780253353382 | ||
| 020 | _a9780253223319 | ||
| 050 | 1 | 4 |
_a112 F 1392 _bB471c 2009 |
| 082 | 0 | 0 | _a972/.00496 |
| 100 | 1 |
_aBennett, Herman L. _q(Herman Lee), _d1964- |
|
| 245 | 1 | 0 |
_aColonial blackness : _ba history of Afro-Mexico / _cHerman L. Bennett. |
| 260 |
_aBloomington : _bIndiana University Press, _c2009 |
||
| 300 |
_axvi, 227 p. ; _c25 cm. |
||
| 490 | 0 | _aBlacks in the diaspora | |
| 505 | 0 | _aDiscipline and culture -- Genealogies of a past -- Creoles -- Provincial black life -- Local blackness -- Narrating freedom -- Sin. | |
| 650 | 0 |
_aBlacks _zMexico _xHistory _y17th century. |
|
| 650 | 0 |
_aBlacks _zMexico _xSocial conditions _y17th century. |
|
| 651 | 0 |
_aMexico _xRace relations _xHistory _y17th century. |
|
| 650 | 4 |
_aNegros _xHistoria _zMéxico. |
|
| 650 | 4 |
_aNegros _zMéxico. |
|
| 650 | 4 |
_aRelaciones étnicas _xHistoria _zMéxico |
|
| 942 |
_2lcc _cbk |
||
| 946 | _aSH | ||
| 999 |
_c13764 _d13764 |
||